000 01478nam2a2200265 4500
001 RU\NLR\BIBL_A\016327689
005 20230410151918.0
010 _a978-5-6046508-5-1
_bт. 5
010 _a978-5-89059-491-4
_bт. 5
021 _aRU
_bКН-П-23-010991
_9КН-П-23-1079
035 _a(NLR Aleph) 016327689
090 _a13050741
_c13050741
100 _a20230329d2023 u y0rusy50 ca
101 0 _arus
102 _aRU
105 _a ch|z|||000 y
200 1 _aОт рассвета до сумерек
_eроман
210 _d2023
215 _a300, [2] с.
_cил., портр., факс.
225 1 _aDeus conservat omnia
461 0 _1001RU\NLR\BIBL_A\012746455
_12001#$aСобрание сочинений$eв шести томах$fГеоргий Демидов$g[автор-составитель: Валентина Демидова$gответственный редактор: Светлана Пухова]$gГосударственный музей истории российской литературы имени В. И. Даля [и др.]$vТ. 5, кн. 2
_1700#1$aДемидов$bГ. Г.$gГеоргий Георгиевич$f1908-1987
_913018352
_aДемидов, Г. Г. (1908-1987)
_cМосква
_d2021
_fГеоргий Демидов
_nВозвращение
_oв шести томах
_tСобрание сочинений
_y9785604650806
_vТ. 5, кн. 2
942 _cBOOK
980 _aNB